Welcome to CU Library Online Public Access Catalogue (OPAC)

"Parenting is your highest calling" : (Record no. 4488)

MARC details
000 -LEADER
fixed length control field 00792cam a2200217 a 4500
001 - CONTROL NUMBER
control field 15352629
005 - DATE AND TIME OF LATEST TRANSACTION
control field 20250303151735.0
008 - FIXED-LENGTH DATA ELEMENTS--GENERAL INFORMATION
fixed length control field 080702s2008 cou b 000 0 eng
020 ## - INTERNATIONAL STANDARD BOOK NUMBER
International Standard Book Number 9781400074204 (pbk.)
050 00 - LIBRARY OF CONGRESS CALL NUMBER
Classification number BV4526.3
Item number .F54 2008
082 00 - DEWEY DECIMAL CLASSIFICATION NUMBER
Classification number 248.8/45
Edition information 22
100 1# - MAIN ENTRY--PERSONAL NAME
Personal name Fields, Leslie Leyland,
Dates associated with a name 1957-
245 10 - TITLE STATEMENT
Title "Parenting is your highest calling" :
Remainder of title and 8 other myths that trap us in worry and guilt /
Statement of responsibility, etc. Leslie Leyland Fields.
250 ## - EDITION STATEMENT
Edition statement 1st ed.
260 ## - PUBLICATION, DISTRIBUTION, ETC.
Place of publication, distribution, etc. Colorado Springs, Colo. :
Name of publisher, distributor, etc. WaterBrook Press,
Date of publication, distribution, etc. 2008.
300 ## - PHYSICAL DESCRIPTION
Extent xiv, 221 p. ;
Dimensions 21 cm.
650 #0 - SUBJECT ADDED ENTRY--TOPICAL TERM
Topical term or geographic name entry element Parenting
General subdivision Religious aspects
-- Christianity.
650 #0 - SUBJECT ADDED ENTRY--TOPICAL TERM
Topical term or geographic name entry element Parenting
General subdivision Biblical teaching.
856 41 - ELECTRONIC LOCATION AND ACCESS
Materials specified Table of contents only
Uniform Resource Identifier <a href="http://www.loc.gov/catdir/toc/fy0903/2008029527.html">http://www.loc.gov/catdir/toc/fy0903/2008029527.html</a>
942 ## - ADDED ENTRY ELEMENTS (KOHA)
Source of classification or shelving scheme Library of Congress Classification
Koha item type Books
Suppress in OPAC No
999 ## -
-- 4488
-- 4488
Holdings
Withdrawn status Lost status Source of classification or shelving scheme Damaged status Not for loan Collection Home library Current library Shelving location Date acquired Total checkouts Full call number Barcode Date last seen Copy number Price effective from Koha item type
    Library of Congress Classification     Non-fiction Graduate Library (Christ Temple) Graduate Library (Christ Temple) General stacks 03/03/2025   BV 4526 3.F54 FIE GSCT00000580 03/03/2025 1 03/03/2025 Books
© 2023-2024 Copyright: Central University Libraries. All Rights Reserved | Created by: Mahone Tech Office